Statistics for MLB Top MVP, Cy Young, and ROY 2005

Click here to take the quiz!

General Stats

  • This quiz has been taken 13 times
  • The average score is 21 of 41

Answer Stats

#PlayerTeamPos.% Correct
1Albert PujolsSTL1B
100%
1Alex RodriguezNYY3B
100%
2David OrtizBOSDH
100%
2Andruw JonesATLCF
92%
10Derek JeterNYYSS
92%
1Ryan HowardPHI1B
92%
10Jimmy RollinsPHISS
85%
4Manny RamirezBOSLF
85%
1Chris CarpenterSTLP
77%
8Chris CarpenterSTLP
77%
3Johan SantanaMINP
77%
5Miguel CabreraFLALF
77%
3Roger ClemensHOUP
77%
5Andy PettitteHOUP
69%
4Cliff LeeCLEP
69%
3Derrek LeeCHC1B
69%
4Roy OswaltHOUP
69%
9Mariano RiveraNYYP
62%
2Mariano RiveraNYYP
62%
3Vladimir GuerreroLAARF
62%
2Dontrelle WillisFLAP
54%
6Paul KonerkoCHW1B
54%
1Bartolo ColónLAAP
46%
8Gary SheffieldNYYRF
46%
7Mark TeixeiraTEX1B
46%
7Pat BurrellPHILF
46%
2Robinson CanóNYY2B
46%
5Mark BuehrleCHWP
31%
5Travis HafnerCLEDH
31%
4Tadahito IguchiCHW2B
15%
9Brian GilesSDPRF
8%
6Carlos DelgadoFLA1B
8%
5Chad CorderoWSNP
8%
4Garrett AtkinsCOL3B
8%
5Gustavo ChacínTORP
8%
1Huston StreetOAKP
8%
3Jeff FrancoeurATLRF
8%
3Jonny GomesTBDDH
8%
4Morgan EnsbergHOU3B
8%
2Willy TaverasHOUCF
8%
5Zach DukePITP
8%

Score Distribution

Percentile by Number Answered

Percent of People with Each Score

Your Score History

You have not taken this quiz